maman - Louane ESC 2025 (paroles) - Statistiques

Statistiques générales
  • Ce quiz a été pris 104 fois
  • Le résultat moyen est 141 sur 192
Statistiques - réponses
Réponse % Correct
ma
100%
«maman»
100%
Maman,
100%
maman,
100%
maman
100%
Maman
100%
je
91%
Je
91%
le
91%
a
89%
tu
85%
Tu
85%
moi
84%
ce
82%
de
82%
De
82%
que
82%
c'est
80%
Les
80%
les
80%
la
78%
main
78%
sais
78%
sais,
78%
appelle
76%
me
76%
qu'elle
76%
J'ai
75%
j'ai
75%
Maintenant,
75%
75%
temps
75%
vais
75%
années
73%
arrêté
71%
est
69%
Est
69%
Et
69%
plus
69%
qui
69%
suis
69%
Y
69%
si
67%
Si
67%
Toi,
67%
toi,
67%
comme
65%
grand
65%
il
65%
vie
65%
arrêter
64%
bien
64%
quand
64%
Quand
64%
vois
64%
d'compter
62%
voulu
62%
grandi
60%
mieux,
60%
d'amants
56%
lits
56%
aussi
55%
changé
55%
comment?
55%
fait
55%
tout
55%
Tout
55%
vas
55%
vrai
55%
gardé
53%
Indélébile
53%
peur
53%
«toujours»
53%
vide
53%
construit
51%
ici?
51%
l'amour
51%
Même
51%
trouvé
51%
ça
49%
file
49%
rien
49%
questions
47%
tient
47%
Finalement,
42%
m'tenais
42%
avant
40%
m'fait
35%
Aucun quiz correspondant
Distribution des résultats
% des personnes avec chaque résultat
Percentile par nombre de réponses
Votre historique - résultats
Vous n’avez pas pris ce quiz